Graphic design and print producation (Record no. 28128)

MARC details
000 -LEADER
fixed length control field 00525nam a22001817a 4500
003 - CONTROL NUMBER IDENTIFIER
control field OSt
005 - DATE AND TIME OF LATEST TRANSACTION
control field 20250123173215.0
008 - FIXED-LENGTH DATA ELEMENTS--GENERAL INFORMATION
fixed length control field 250123b |||||||| |||| 00| 0 eng d
020 ## - INTERNATIONAL STANDARD BOOK NUMBER
ISBN 9789389183917
082 ## - DEWEY DECIMAL CLASSIFICATION NUMBER
Classification number 741.6
Item number B85G
100 ## - MAIN ENTRY--AUTHOR NAME
Personal name Buddhavarapu, Pavalan
245 ## - TITLE STATEMENT
Title Graphic design and print producation
Statement of responsibility, etc by Pavalan Buddhavarapu and Nagulan Bhogaraju
260 ## - PUBLICATION, DISTRIBUTION, ETC. (IMPRINT)
Place of publication New Delhi
Name of publisher Wordpen Academics
Year of publication 2025
300 ## - PHYSICAL DESCRIPTION
Number of Pages 211p.
Other physical details HB
653 ## - INDEX TERM--UNCONTROLLED
Uncontrolled term Graphic Design
700 ## - ADDED ENTRY--PERSONAL NAME
Relator term Author
Personal name Bhogaraju, Nagulan
942 ## - ADDED ENTRY ELEMENTS (KOHA)
Source of classification or shelving scheme Dewey Decimal Classification
Koha item type Books
Holdings
Withdrawn status Lost status Damaged status Not for loan Collection code Home library Current library Date acquired Source of acquisition Total Checkouts Full call number Accession Number Koha item type
        General Text Book Central University Of Rajasthan Central University Of Rajasthan 23/01/2025 CMS   741.6 B85G 45698 Books
        General Text Book Central University Of Rajasthan Central University Of Rajasthan 23/01/2025 CMS   741.6 B85G 45697 Books